Pays d'Europe sur une carte vide - Statistiques

Statistiques générales
  • Ce quiz a été pris 916 fois
  • Le résultat moyen est 42 sur 45
Réponses sur la Carte
Les réponses sont colorées sur une échelle allant du rouge au vert en fonction du pourcentage des utilisateurs qui les ont devinées à leur premier essai. Vous pouvez retrouver ces pourcentages ci-dessous.
 
Statistiques - réponses
Pays / Countries % Correct
France
100%
Allemagne
98%
Espagne
98%
Italie
98%
Suisse
98%
Belgique
97%
Portugal
97%
Russie
97%
Suède
97%
Finlande
96%
Luxembourg
96%
Norvège
96%
Pologne
96%
Royaume-Uni
96%
Autriche
95%
Ukraine
95%
Biélorussie
94%
Danemark
94%
Lituanie
94%
Roumanie
94%
Albanie
93%
Croatie
93%
Estonie
93%
Irlande
93%
Islande
93%
Pays-Bas
93%
Andorre
92%
Grèce
92%
Hongrie
92%
Lettonie
92%
Slovaquie
92%
République Tchèque
91%
Slovénie
90%
Monaco
89%
Vatican
89%
Bulgarie
87%
Kosovo
87%
Serbie
87%
Bosnie-Herzégovine
86%
Moldavie
86%
Malte
85%
Monténégro
85%
Liechtenstein
84%
Saint-Marin
84%
Macédoine du Nord
83%
Aucun quiz correspondant
Distribution des résultats
% des personnes avec chaque résultat
Percentile par nombre de réponses
Votre historique - résultats
Vous n’avez pas pris ce quiz